000 00253 a2200097 4500
001 44159
100 _aAsad Hussain
245 _aBritish India's relations with the Kingdom of Nepal 1857-1947
260 _aLondon
_bAllen unwin
_c
090 _c27900
_d27900
942 _aNUST-CAE
_cM
_c19892
999 _c279232
_d279232